<?xml version="1.0" encoding="UTF-8"?>
<record
    xmlns:xsi="http://www.w3.org/2001/XMLSchema-instance"
    xsi:schemaLocation="http://www.loc.gov/MARC21/slim http://www.loc.gov/standards/marcxml/schema/MARC21slim.xsd"
    xmlns="http://www.loc.gov/MARC21/slim">

  <leader>01706nam0a2200361   4500</leader>
  <controlfield tag="001">RU\NLR\bibl\888851</controlfield>
  <controlfield tag="005">20260407095931.0</controlfield>
  <datafield tag="010" ind1=" " ind2=" ">
    <subfield code="a">5-8411-0193-5</subfield>
    <subfield code="9">1000</subfield>
  </datafield>
  <datafield tag="021" ind1=" " ind2=" ">
    <subfield code="a">RU</subfield>
    <subfield code="b">2005-61234</subfield>
    <subfield code="9">3006</subfield>
  </datafield>
  <datafield tag="035" ind1=" " ind2=" ">
    <subfield code="a">(nilc)RSL-KNO-002714358</subfield>
  </datafield>
  <datafield tag="035" ind1=" " ind2=" ">
    <subfield code="a">(NLR Aleph) 000877369</subfield>
  </datafield>
  <datafield tag="090" ind1=" " ind2=" ">
    <subfield code="a">1637268</subfield>
    <subfield code="c">1637268</subfield>
  </datafield>
  <datafield tag="100" ind1=" " ind2=" ">
    <subfield code="a">20050922d2005    |||y0rusy50      ca</subfield>
  </datafield>
  <datafield tag="101" ind1="0" ind2=" ">
    <subfield code="a">rus</subfield>
  </datafield>
  <datafield tag="102" ind1=" " ind2=" ">
    <subfield code="a">RU</subfield>
  </datafield>
  <datafield tag="105" ind1=" " ind2=" ">
    <subfield code="a">y   |||||||||</subfield>
  </datafield>
  <datafield tag="106" ind1=" " ind2=" ">
    <subfield code="a">r</subfield>
  </datafield>
  <datafield tag="200" ind1="1" ind2=" ">
    <subfield code="a">&#x41C;&#x438;&#x43A;&#x440;&#x43E;&#x43A;&#x43E;&#x441;&#x43C;&#x43E;&#x441; &#x41F;&#x440;&#x43E;&#x43C;&#x43E;-&#x41C;</subfield>
    <subfield code="e">&#x441;&#x442;&#x438;&#x445;&#x438;, &#x44D;&#x441;&#x441;&#x435;</subfield>
    <subfield code="e">&#x43F;&#x43E;&#x44D;&#x442;. &#x442;&#x432;&#x43E;&#x440;&#x447;&#x435;&#x441;&#x442;&#x432;&#x43E; &#x443;&#x447;&#x435;&#x43D;&#x438;&#x43A;&#x43E;&#x432; &#x43B;&#x438;&#x43D;&#x433;&#x432;&#x438;&#x441;&#x442;. &#x448;&#x43A;. "&#x41F;&#x440;&#x43E;&#x43C;&#x43E;-&#x41C;"</subfield>
    <subfield code="f">&#x41D;&#x41E;&#x423; &#x421;&#x41E;&#x428; "&#x41F;&#x440;&#x43E;&#x43C;&#x43E;-&#x41C;" [&#x441;&#x440;&#x435;&#x434;. &#x43E;&#x431;&#x449;&#x435;&#x43E;&#x431;&#x440;&#x430;&#x437;&#x43E;&#x432;&#x430;&#x442;. &#x448;&#x43A;. &#x441; &#x443;&#x433;&#x43B;&#x443;&#x431;&#x43B;. &#x438;&#x437;&#x443;&#x447;&#x435;&#x43D;&#x438;&#x435;&#x43C; &#x438;&#x43D;&#x43E;&#x441;&#x442;&#x440;. &#x44F;&#x437;.</subfield>
    <subfield code="g">&#x441;&#x43E;&#x441;&#x442;.: &#x41C;.&#x41C;. &#x411;&#x443;&#x43A;&#x430;&#x440;&#x435;&#x432;&#x430;, &#x410;.&#x41F;. &#x412;&#x438;&#x445;&#x440;&#x44F;&#x43D;]</subfield>
  </datafield>
  <datafield tag="210" ind1=" " ind2=" ">
    <subfield code="a">&#x41C;.</subfield>
    <subfield code="c">&#x421;&#x43E;&#x432;&#x440;&#x435;&#x43C;. &#x44D;&#x43A;&#x43E;&#x43D;&#x43E;&#x43C;&#x438;&#x43A;&#x430; &#x438; &#x43F;&#x440;&#x430;&#x432;&#x43E;</subfield>
    <subfield code="d">2005</subfield>
  </datafield>
  <datafield tag="215" ind1=" " ind2=" ">
    <subfield code="a">111 &#x441;.</subfield>
    <subfield code="d">20</subfield>
  </datafield>
  <datafield tag="327" ind1="0" ind2=" ">
    <subfield code="a">&#x421;&#x43E;&#x434;&#x435;&#x440;&#x436;.: &#x410;&#x432;&#x442;.: &#x410;&#x431;&#x434;&#x443;&#x43B;&#x43A;&#x430;&#x440;&#x438;&#x43C;&#x43E;&#x432;&#x430; &#x42D;&#x43B;&#x438;&#x437;&#x430;, &#x412;&#x438;&#x445;&#x440;&#x44F;&#x43D; &#x41C;&#x438;&#x445;&#x430;&#x438;&#x43B;, &#x413;&#x440;&#x438;&#x431;&#x43A;&#x43E;&#x432;&#x430; &#x41C;&#x430;&#x448;&#x430;, &#x413;&#x43E;&#x440;&#x433;&#x43E;&#x434;&#x437;&#x435; &#x417;&#x443;&#x440;&#x430;&#x431;, &#x421;.&#x428;. &#x413;&#x443;&#x431;&#x430;&#x439;&#x434;&#x443;&#x43B;&#x438;&#x43D;&#x430;, &#x414;&#x443;&#x43A;&#x443;&#x437;&#x43E;&#x432; &#x414;., &#x414;&#x44C;&#x44F;&#x447;&#x435;&#x43D;&#x43A;&#x43E; &#x421;&#x435;&#x440;&#x433;&#x435;&#x439;, &#x418;&#x437;&#x433;&#x438;&#x43B;&#x43E;&#x432;&#x430; &#x420;&#x435;&#x433;&#x438;&#x43D;&#x430;, &#x41A;&#x430;&#x43A;&#x43E;&#x442;&#x43A;&#x438;&#x43D;&#x430; &#x415;&#x432;&#x433;&#x435;&#x43D;&#x438;&#x44F;, &#x41A;&#x443;&#x43B;&#x44C;&#x433;&#x430;&#x43D; &#x41C;&#x430;&#x448;&#x430; [&#x438; &#x434;&#x440;.]</subfield>
  </datafield>
  <datafield tag="610" ind1="0" ind2=" ">
    <subfield code="a">&#x414;&#x435;&#x442;&#x441;&#x43A;&#x430;&#x44F; &#x43B;&#x438;&#x442;&#x435;&#x440;&#x430;&#x442;&#x443;&#x440;&#x430;</subfield>
  </datafield>
  <datafield tag="686" ind1=" " ind2=" ">
    <subfield code="a">&#x428;9(2)8</subfield>
    <subfield code="2">rubbk</subfield>
  </datafield>
  <datafield tag="686" ind1=" " ind2=" ">
    <subfield code="a">&#x428;9(2)8</subfield>
  </datafield>
  <datafield tag="702" ind1=" " ind2="1">
    <subfield code="a">&#x411;&#x443;&#x43A;&#x430;&#x440;&#x435;&#x432;&#x430;</subfield>
    <subfield code="b">&#x41C;. &#x41C;.</subfield>
    <subfield code="4">220</subfield>
  </datafield>
  <datafield tag="712" ind1="0" ind2="2">
    <subfield code="4">570</subfield>
    <subfield code="a">"&#x41F;&#x440;&#x43E;&#x43C;&#x43E;-&#x41C;", &#x43B;&#x438;&#x43D;&#x433;&#x432;&#x438;&#x441;&#x442;&#x438;&#x447;&#x435;&#x441;&#x43A;&#x430;&#x44F; &#x448;&#x43A;&#x43E;&#x43B;&#x430;</subfield>
    <subfield code="c">&#x41C;&#x43E;&#x441;&#x43A;&#x432;&#x430;</subfield>
    <subfield code="3">RU\NLR\AUTH\8810054018</subfield>
    <subfield code="9">608467</subfield>
  </datafield>
  <datafield tag="801" ind1=" " ind2="0">
    <subfield code="a">RU</subfield>
    <subfield code="b">RuMoRKP</subfield>
    <subfield code="c">20050922</subfield>
    <subfield code="g">rcr</subfield>
  </datafield>
  <datafield tag="801" ind1=" " ind2="1">
    <subfield code="a">RU</subfield>
    <subfield code="b">RuMoRGB</subfield>
    <subfield code="c">20050922</subfield>
  </datafield>
  <datafield tag="801" ind1=" " ind2="2">
    <subfield code="a">RU</subfield>
    <subfield code="b">NLR</subfield>
    <subfield code="c">20051215</subfield>
    <subfield code="g">rcr</subfield>
  </datafield>
  <datafield tag="942" ind1=" " ind2=" ">
    <subfield code="c">BOOK</subfield>
  </datafield>
  <datafield tag="980" ind1=" " ind2=" ">
    <subfield code="a">NB</subfield>
  </datafield>
  <datafield tag="995" ind1=" " ind2=" ">
    <subfield code="5">2005-12-15</subfield>
    <subfield code="a">ad</subfield>
    <subfield code="b">NLR01</subfield>
    <subfield code="c">NLR01</subfield>
    <subfield code="e">RF3</subfield>
    <subfield code="f">2079335</subfield>
    <subfield code="k">2005-3/37226</subfield>
    <subfield code="o">0</subfield>
    <subfield code="r">BOOK</subfield>
    <subfield code="s">2005337226_</subfield>
  </datafield>
  <datafield tag="995" ind1=" " ind2=" ">
    <subfield code="5">2005-12-15</subfield>
    <subfield code="a">ad</subfield>
    <subfield code="b">NLR01</subfield>
    <subfield code="c">NLR01</subfield>
    <subfield code="e">RF3</subfield>
    <subfield code="f">2079337</subfield>
    <subfield code="k">2005-3/37226</subfield>
    <subfield code="o">0</subfield>
    <subfield code="r">BOOK</subfield>
    <subfield code="s">2005337226_</subfield>
  </datafield>
</record>
